ბათუმის შოთა რუსთაველის სახელმწიფო უნივერსიტეტის ბიბლიოთეკა

უსაფრთხოების ტექნიკის წესები სატელეფონო, სატელეგრაფო, საერთაშორისო სადგურებისა და საჰაერო საკაბელო ხაზებზე მუშაობის დროს. (ბიბ.ჩანაწერი № 35713)

000 -LEADER
fixed length control field 00777nam a2200181Ia 4500
001 - CONTROL NUMBER
control field 1586
003 - CONTROL NUMBER IDENTIFIER
control field GE_BSU
008 - FIXED-LENGTH DATA ELEMENTS--GENERAL INFORMATION
fixed length control field 181216s||||||||xx |||||||||||||| ||und||
040 ## - CATALOGING SOURCE
Transcribing agency GE_BSU
080 ## - UNIVERSAL DECIMAL CLASSIFICATION NUMBER
Universal Decimal Classification number 331.5+349.2
245 ## - TITLE STATEMENT
Title უსაფრთხოების ტექნიკის წესები სატელეფონო, სატელეგრაფო, საერთაშორისო სადგურებისა და საჰაერო საკაბელო ხაზებზე მუშაობის დროს.
260 ## - PUBLICATION, DISTRIBUTION, ETC.
Place of publication, distribution, etc. ბათუმი
260 ## - PUBLICATION, DISTRIBUTION, ETC.
Date of publication, distribution, etc. 2006.
300 ## - PHYSICAL DESCRIPTION
Extent 47გვ;20სმ.
653 ## - INDEX TERM--UNCONTROLLED
Uncontrolled term უსაფრთხოების ტექნიკის წესები.
942 ## - ADDED ENTRY ELEMENTS (KOHA)
Koha item type წიგნი
ეგზემპლარები
Withdrawn status Lost status Damaged status Not for loan Date acquired Barcode Date last seen Price effective from Koha item type
        2018-12-17 3019 2018-12-17 2018-12-17 წიგნი